| 000 | 00455cam a2200145 4500500 | ||
|---|---|---|---|
| 005 | 20260201150818.0 | ||
| 041 | _afre | ||
| 042 | _adc | ||
| 100 | 1 | 0 |
_aFonkoua, Romuald _eauthor |
| 245 | 0 | 0 | _aEt si nous étions tous Maliens ? |
| 260 | _c2011. | ||
| 500 | _a26 | ||
| 786 | 0 | _nPrésence Africaine | 184 | 2 | 2011-12-01 | p. 7-9 | 0032-7638 | |
| 856 | 4 | 1 | _uhttps://shs.cairn.info/revue-presence-africaine-2011-2-page-7?lang=fr&redirect-ssocas=7080 |
| 999 |
_c1643031 _d1643031 |
||